| 000 | 00376nam a2200169Ia 4500 | ||
|---|---|---|---|
| 005 | 20250423101346.0 | ||
| 008 | 250422s9999 xx 000 0 und d | ||
| 020 | _a9780417892 | ||
| 050 | _aKP 90.O3/ | ||
| 100 | _aOcheme, Peter | ||
| 245 | 4 | _aThe Nigerian Criminal Law | |
| 260 | _asokoto | ||
| 260 | _bLiberty pub | ||
| 260 | _c2008 | ||
| 300 | _a379 p | ||
| 942 | _cBK | ||
| 999 |
_c36077 _d36077 |
||